Pioneers in development : (Record no. 21832)
[ view plain ]
| 000 -LEADER | |
|---|---|
| fixed length control field | 00901nam a2200265 a 4500 |
| 001 - CONTROL NUMBER | |
| control field | 21832 |
| 003 - CONTROL NUMBER IDENTIFIER | |
| rucl marc code | BD-RjUL |
| 005 - DATE AND TIME OF LATEST TRANSACTION | |
| control field | 20211209000732.0 |
| 008 - FIXED-LENGTH DATA ELEMENTS--GENERAL INFORMATION | |
| fixed length control field | 160927s1987 nyu b 001 0 eng |
| 020 ## - INTERNATIONAL STANDARD BOOK NUMBER | |
| International Standard Book Number | 0195205421 |
| 035 ## - SYSTEM CONTROL NUMBER | |
| System control number | (BD-RjUL) 21897 |
| 040 ## - CATALOGING SOURCE | |
| Original cataloging agency | LC |
| Language of cataloging | eng |
| Transcribing agency | LC |
| Modifying agency | SUA |
| -- | BD-RjUL |
| 041 ## - LANGUAGE CODE | |
| Language code of text/sound track or separate title | eng |
| 082 00 - DEWEY DECIMAL CLASSIFICATION NUMBER | |
| Classification number | 338.9 |
| Edition number | 23 |
| Author mark and year | PIO 1987 |
| 245 00 - TITLE STATEMENT | |
| Title | Pioneers in development : |
| Number of part/section of a work | Second series / |
| Statement of responsibility, etc. | Theodore W. Schultz ... [et al.] ; Gerald M. Meier, editor. |
| 260 ## - PUBLICATION, DISTRIBUTION, ETC. (IMPRINT) | |
| Place of publication, distribution, etc. | New York : |
| Name of publisher, distributor, etc. | Published for the World Bank [by] Oxford University Press, |
| Date of publication, distribution, etc. | c1987. |
| 300 ## - PHYSICAL DESCRIPTION | |
| Pagination | viii, 244 p. ; |
| Size | 24 cm. |
| 504 ## - BIBLIOGRAPHY, ETC. NOTE | |
| Bibliography, etc | Includes bibliographical references and index. |
| 650 #0 - SUBJECT ADDED ENTRY--TOPICAL TERM | |
| Topical term or geographic name as entry element | Economic development. |
| 9 (RLIN) | 157907 |
| 700 1# - ADDED ENTRY--PERSONAL NAME | |
| Personal name | Meier, Gerald M. |
| Personal name | Schultz, Theodore W. |
| Fuller form of name | (Theodore William), |
| Dates associated with a name | 1902- |
| 710 2# - ADDED ENTRY--CORPORATE NAME | |
| Corporate name or jurisdiction name as entry element | World Bank. |
| 9 (RLIN) | 157909 |
| 942 ## - ADDED ENTRY ELEMENTS (KOHA) | |
| Source of classification or shelving scheme | Dewey Decimal Classification |
| Koha item type | Books |
| Lost status | Source of classification or shelving scheme | Damaged status | Not for loan | Collection code | Permanent Location | Current Location | Shelving location | Date acquired | Source of acquisition | Cost, normal purchase price | Total Checkouts | Full call number | Date last seen | Copy number | Koha item type |
|---|---|---|---|---|---|---|---|---|---|---|---|---|---|---|---|
| Dewey Decimal Classification | Non-fiction | Central Library, University of Rajshahi | Central Library, University of Rajshahi | 30/04/1989 | Karim Int. | 150.00 | 338.9 PIO 1987 | 27/09/2016 | C-2 | Books |